000 00826nam a2200265Ia 4500
003 OSt
005 20220923211047.0
006 a|||||r|||| 00| 0
007 ta
008 220922b |||||||| |||| 00| 0 hin d
020 _a8176750018 (hb)
024 _a230,846
037 _cTextual
040 _aARTS
_cARTS
_bhin
041 _2hin
_ahin
082 _aO152,1NMAx, N9
100 _aमंडलोई, लीलाधर
_9157768
245 0 _aमगर एक आवाज़
246 _aMagar ek āvāज़
260 _aपंचकूला
_b आधार प्रकाशन
_c1999
300 _a92पृ.
_ccm.
650 _aहिन्दी साहित्य
_9156264
942 _hO152,1NMAx, N9
_cTEXL
_2CC
999 _c294688
_d294688